000 00711nam a2200289Ia 4500
005 20260324133921.0
008 008 260324s9999 xx 000 0 eng d
020 _a9780203890288
037 _aEBOOK
040 _aCRL
040 _beng
040 _cCRL
041 _2eng
041 _aeng
084 _qCRL
100 _aRonald A. Havens; Catherine Walters
_91194873
245 0 _aHypnotherapy Scripts
245 2 _bA Neo-Ericksonian Approach to Persuasive Healing
260 _bTaylor and Francis
260 _c2002
365 _a
365 _b99.99
856 _uhttp://www.taylorfrancis.com/books/9780203890288
942 _cEBOOK
999 _c1794429
_d1794429